000 00804nam a22002411i 4500
001 134590
003 ES-MaACL
005 20230906194715.0
007 t|
008 070912s1971 sp f |||| | spa d
080 _a159.422.75
100 1 _aWidlöcher, Daniel.
_9116747
245 1 4 _aLos dibujos de los niños
_b: bases para una interpretación psicológica /
_cDaniel Widlöcher ; [versión de Ramón Strack].
260 _aBarcelona :
_bHerder,
_c1971.
300 _a228 p., 4 h. de lám ;
_c22 cm.
490 1 _aBiblioteca de psicología ;
_v3
650 1 4 _aDibujo infantil-
_xAspectos psicológicos.
_911873
700 1 _aStrack, Ramón.
_9108357
830 0 _aBiblioteca de psicología ;
_v3
_9180745
852 _aES-MaACL
_jC-44721
852 _aES-MaACL
_jE-7732
999 _c134590
_d134590